Computer methods for mathematical computations
Salvato in:
| Autore principale: | |
|---|---|
| Altri autori: | , |
| Natura: | Libro |
| Lingua: | inglese |
| Pubblicazione: |
Englewood Cliffs
Prentice Hall
1977
|
| Tags: |
Nessun Tag, puoi essere il primo ad aggiungerne!!
|
MARC
| LEADER | 00000nam a2200000 4500 | ||
|---|---|---|---|
| 001 | c140316 | ||
| 005 | 20041019155318.5 | ||
| 041 | 0 | |a eng | |
| 044 | |a US | ||
| 245 | 1 | 0 | |a Computer methods for mathematical computations |c George Forsythe, Michael A. Malcolm, Cleve B. Moler |
| 264 | 1 | |a Englewood Cliffs |b Prentice Hall |c 1977 | |
| 300 | |a 259 s. | ||
| 100 | 1 | |a Forsythe, George | |
| 700 | 1 | |a Malcolm, Michael A. | |
| 700 | 1 | |a Moler, Cleve B. | |